| 000 | 00691nam a2200217Ia 4500 | ||
|---|---|---|---|
| 001 | 10306 | ||
| 003 | GE_BSU | ||
| 008 | 181216s||||||||xx |||||||||||||| ||und|| | ||
| 040 | _cGE_BSU | ||
| 080 | _a821.353.1+821.353.1-32 | ||
| 100 | _aლორთქიფანიძე,ნიკო | ||
| 245 | _aთხზულებანი.ტ.2: | ||
| 245 | _bდანგრეული ბუდეები:მოთხრობები | ||
| 260 | _aთბილისი. | ||
| 260 | _bფედერაცია. | ||
| 260 | _c1937 | ||
| 300 | _a458;21სმ. | ||
| 653 | _aდანგრეული ბუდეები | ||
| 653 | _aმოთხრობები | ||
| 942 | _cBK | ||
| 999 |
_c43573 _d43573 |
||